|
|
|
|
| LEADER |
01067nam a2200277 a 4500 |
| 001 |
000362610 |
| 003 |
CZ BrMZK |
| 005 |
20181031102255.0 |
| 007 |
ta |
| 008 |
980115s1935 xr f slo d |
| 015 |
|
|
|a cnb000706578
|
| 035 |
|
|
|a (OCoLC)85407158
|
| 040 |
|
|
|a BOA001
|b cze
|
| 080 |
|
|
|a 830-32=854
|2 MRF
|
| 100 |
1 |
|
|a Chamisso, Adelbert von,
|d 1781-1838
|7 jn20000603091
|4 aut
|
| 245 |
1 |
0 |
|a Človek bez tône :
|b podivná príhoda Petra Šlemíla, ktorý svoju tôňu predal diablovi /
|c Adelbert Chamisso ; [z nemčiny preložil Peter Prídavok ; ilustroval Rud. Komínek].
|
| 260 |
|
|
|a Praha :
|b L. Mazáč,
|c 1935
|
| 300 |
|
|
|a 84 s. :
|b il. ;
|c 23 cm
|
| 490 |
1 |
|
|a Mladosť ;
|v sv. 24
|
| 700 |
1 |
|
|a Komínek, Rudolf,
|d 1885-1959
|7 mzk2008430659
|4 ill
|
| 700 |
1 |
|
|a Prídavok, Peter,
|d 1902-1966
|7 jx20040219008
|4 trl
|
| 765 |
0 |
|
|t Peter Schlemihls wundersame Geschichte
|
| 830 |
|
0 |
|a Mladost (L. Mazáč)
|
| 910 |
|
|
|a BOA001
|b 2-0113.090,24
|
| 990 |
|
|
|a BK
|
| 996 |
7 |
|
|b 2610079663
|c 2-0113.090,24
|l MZK
|r Sklad / do 24 hodin
|n 4
|p dar
|w 000362610
|u 000010
|a 1
|e BOA001
|j MZK50
|s A
|